| 000 | 02505cam a22004454a 4500 | ||
|---|---|---|---|
| 001 | 2004018659 | ||
| 003 | DLC | ||
| 005 | 20070410 .0 | ||
| 008 | 040810s2005 paua b 001 0 eng | ||
| 010 | _a 2004018659 | ||
| 020 | _a1605475181 | ||
| 020 | _a9781605475189 | ||
| 040 |
_aDNLM/DLC _beng _cDLC _dDLC |
||
| 042 | _apcc | ||
| 050 | 1 | 0 |
_aRT120.I5 _bC744 2005 |
| 060 | 1 | 0 |
_aWY 154 _bC9328 2005 |
| 082 | 0 | 0 |
_a616.028 _222 _bCRI NR |
| 245 | 0 | 0 |
_aCritical Care Nursing : _bA Holistic Approach / _c[edited by] Patricia Gonce Morton .. [et. al.]. |
| 250 | _a9th ed. | ||
| 260 |
_aPhiladelphia, PA : _bLippincott Williams & Wilkins, _cc2009. |
||
| 300 |
_axxxiii, 1502 p. : _bill. col. ; _c29 cm. + _e1 CD-ROM (4 3/4 in.) |
||
| 500 | _aAccompanying CD-ROM has title on label: Student resource CD-ROM to accompany Critical care nursing. | ||
| 504 | _aIncludes bibliographical references and index. | ||
| 538 | _aSystem requirements for accompanying CD-ROM: IBM-PC or compatible computer; Windows 98 SE, NT 4.0, 2000, ME, or XP; Pentium 300 MHz processor; Internet connectivity. | ||
| 650 | 0 |
_aIntensive care nursing. _920319 |
|
| 650 | 0 |
_aHolistic nursing. _920320 |
|
| 650 | 1 | 2 |
_aCritical Care. _920321 |
| 650 | 2 | 2 |
_aHolistic Nursing. _920322 |
| 700 | 1 |
_aFontaine, Dorrie K. _d1952- _920318 |
|
| 700 | 1 |
_aMorton, Patricia Gonce, _d1952- _920323 |
|
| 740 | 0 | 2 | _aStudent resource CD-ROM to accompany Critical care nursing. |
| 856 | 4 | 1 |
_3Table of contents _uhttp://www.loc.gov/catdir/toc/ecip0421/2004018659.html |
| 856 | 4 | 2 |
_3Publisher description _uhttp://www.loc.gov/catdir/enhancements/fy0712/2004018659-d.html |
| 942 |
_2ddc _cBB |
||
| 999 |
_c10927 _d10927 |
||